Statistiken für Länder, die an Spanien grenzen

Klicken Sie hier um das Quiz zu spielen!

Allgemein

  • Dieses Quiz wurde 249 mal gespielt
  • Das Durchschnittsergebnis liegt bei 4 aus 5

Antwortstatistiken

Länge (km)Land% Korrekt
1214Portugal
100%
623Frankreich
98%
64Andorra
90%
18,5Marokko
65%
1,2Gibraltar/Vereinigtes Königreich
58%

Verteilung der Resultate

Perzentil nach korrekt beantworteten Fragen

Anzahl Personen mit jedem Resultat

Ihre Resultats-Entwicklung

Sie haben dieses Quiz noch nicht gespielt